| 000 | 00985nam a2200277 a 4500 | ||
|---|---|---|---|
| 001 | 72492 | ||
| 003 | BD-RjUL | ||
| 005 | 20211209082252.0 | ||
| 008 | 170520r19611955nyua b 001 0 eng d | ||
| 035 | _a(BD-RjUL)72710 | ||
| 040 |
_aDLC/ICU _cCGU _dBD-RjUL _beng |
||
| 041 | _aeng | ||
| 060 | 0 |
_aQU 85 _bD485L |
|
| 082 | 0 |
_223 _a572.57 _bDEL 1961 |
|
| 100 | 1 |
_aDeuel, Harry J. _q(Harry James), _d1897-1956. _9214400 |
|
| 245 | 1 | 4 |
_aThe lipids : _btheir chemistry and biochemistry / _cHarry J. Deuel |
| 260 |
_aNew York : _bInterscience Publishers, _c1951-57. |
||
| 300 |
_av. : _bill. ; _c24 cm. |
||
| 504 | _aBibliographical footnotes and indexes. | ||
| 505 | 0 | _av. 1. Chemistry.--v. 2. Biochemistry: digestion, absorption, transport and storage.--v. 3. Biochemistry: biosynthesis, oxidation, metabolism, and nutritional value. | |
| 650 | 0 |
_aLipids. _9214401 |
|
| 650 | 2 |
_aBiochemistry. _9214402 |
|
| 650 | 2 |
_aLipids _xMetabolism _9214403 |
|
| 942 |
_2ddc _cBK |
||
| 999 |
_c72492 _d72492 |
||